000 00300nam a2200121Ia 4500
008 190216s9999||||xx |||||||||||||| ||und||
100 _aMuhammed Abul Jalal
245 0 _aIslam Mathnusthanangal
260 _bIslamic Publishing House
_c1981
300 _a4p
650 _aIslamic History
942 _cBK
999 _c22080
_d22080